000
00335nam a2200133Ia 4500
003
PILC
008
220421s2005 xx 000 0 und d
040
_c
EARIST LIBRARY
100
_a
Mejia, Leila Dp.
_9
979
245
0
_a
Palne Trigonometry a Modern Approach /
260
_a
Manila,
_b
Rex :
_c
2005.
999
_c
2353
_d
2353
942
_2
ddc
_c
BK